|
|
|
|
| LEADER |
00976pam a22002538a 4500 |
| 001 |
00022712 |
| 005 |
20171026081022.0 |
| 008 |
110601s1978 ||||||Viesd |
| 041 |
0 |
# |
|a Vie
|
| 082 |
1 |
4 |
|a 373.238
|b K312NGH
|
| 100 |
0 |
# |
|a Trần Trọng Hà
|e Biên soạn
|
| 245 |
0 |
0 |
|a Kinh nghiệm giảng dạy địa lí tự nhiên ở trường phổ thông
|c Trần Trọng Hà, Trịnh Văn Ngân, Hồng Hà
|
| 260 |
# |
# |
|a H.
|b Giáo dục
|c 1978
|
| 300 |
# |
# |
|a 168 tr.
|c 27 cm.
|
| 650 |
# |
4 |
|a Kinh nghiệm
|
| 650 |
# |
4 |
|a Địa lí tự nhiên
|
| 653 |
# |
# |
|a Giảng dạy
|
| 700 |
0 |
# |
|a Hồng Hà
|e tác giả
|
| 700 |
0 |
# |
|a Trịnh Văn Ngân
|e tác giả
|
| 852 |
# |
# |
|b Kho giáo trình
|j KGT.0024398, KGT.0024399, KGT.0024400, KGT.0024401, KGT.0024402
|
| 852 |
# |
# |
|b Kho đọc
|j KD.0009986
|
| 852 |
# |
# |
|j KD.0009986
|
| 910 |
0 |
# |
|a nhnam
|d 01/06/2011
|
| 980 |
# |
# |
|a Trung tâm Học liệu Lê Vũ Hùng, Trường Đại học Đồng Tháp
|